| 000 | 01296nam a2200373 i 4500 | ||
|---|---|---|---|
| 001 | 12440 | ||
| 003 | KOSZ 005 | ||
| 005 | 20240405063013.0 | ||
| 008 | 070722s1969 pl a f 000 0 pol | ||
| 015 | _aPB 1970/3028 | ||
| 040 |
_aWA N _cWA N _dKOSZ 005/RW _dKOSZ 005/HR |
||
| 046 | _k1969 | ||
| 080 | _a711.3 | ||
| 080 | _a528 | ||
| 100 | 1 |
_aSzymański, Marian _d(1929-2011) _eAutor |
|
| 245 | 1 | 0 |
_aGeodezja rolna w planowaniu przestrzennym wsi : _bstudium dla geodetów urządzeniowców rolnych / _cMarian Szymański. |
| 260 |
_aWarszawa : _bPaństwowe Przedsiębiorstwo Wydawnictw Kartograficznych, _c1969. |
||
| 300 |
_a315 s., 16 k. tabl. : _bil., mapy ; _c24 cm. |
||
| 380 | _aKsiążki | ||
| 388 | _a1901-2000 | ||
| 388 | _a1945-1989 | ||
| 504 | _aBibliogr. s. 310-[311]. | ||
| 648 | 4 | _a1901-2000 | |
| 648 | 4 | _a1945-1989 | |
| 650 | 4 | _aGeodezja | |
| 650 | 4 | _aWsie | |
| 650 | 4 | _aPlanowanie przestrzenne | |
| 651 | 7 | _aPolska | |
| 658 | _aGeografia i nauki o Ziemi | ||
| 658 | _aRolnictwo i leśnictwo | ||
| 710 | 2 |
_aPaństwowe Przedsiębiorstwo Wydawnictw Kartograficznych _4pbl. |
|
| 856 |
_uhttp://koha.tu.koszalin.pl/cgi-bin/koha/opac-detail.pl?biblionumber=12440 _yKatalog online BPK |
||
| 942 |
_2UKD _cKS |
||
| 999 |
_c12440 _d12440 |
||